000 00373nam a22001577a 4500
003 MPLRDC
005 20220104123510.0
008 210129b ||||| |||| 00| 0 eng d
082 _a411.9 XZX
100 _a冼祖贤编
245 _a坐姿正确. 免除百病
_c
260 _a
_b文辉出版社
_c
300 _b
650 _a特殊论题
942 _cBK
_o411.9 XZX
999 _c11906
_d11896